000 00617nam a2200217 a 4500
001 13096
003 BD-JhCC
005 20230710100301.0
008 230710s2022 bg |||| |||| 000 0 ben d
020 _a9789848800201
035 _a(BD-JhCC)13096
040 _aBD-JhCC
_dBD-JhCC
041 _aben
082 _a891.443
_bKAI 2022
100 _aকায়েস, ইমরুল
245 _aপিদিম /
_cইমরুল কায়েস
260 _aঢাকা :
_bঅবসর,
_c২০২২
300 _a২৭২ পৃ. :
_c২২ সেমি.
650 _aBengali Novel
942 _2ddc
_cBK
999 _c13096
_d13096